| 000 | 00733nam a22002055i 4500 | ||
|---|---|---|---|
| 001 | 165099 | ||
| 003 | ES-MaACL | ||
| 005 | 20250906063134.0 | ||
| 008 | 950206m18751877fr a |||| | fre d | ||
| 040 | _aCLM | ||
| 100 | 1 |
_aSecchi, Angelo, _d1818-1878 _9132608 |
|
| 245 | 1 | 3 |
_aLe soleil / _cpar A. Secchi S.J. |
| 250 | _a2e. éd., rev. et augm. | ||
| 260 |
_aParis : _bGauthier-Villars, imprimeur-libraire... successeur de Mallet-Bachelier, _c1875. |
||
| 300 |
_a3 v. : _bil. en col. y n. ; _c25 cm. |
||
| 505 | 8 | _aV. 1. Première partie. Texte.- V. 2. Première partie. Atlas.- V. 3. Seconde partie | |
| 597 | 1 | _aPort. con iniciales del ed. | |
| 852 |
_aES-MaACL _jB-484-486 _z-- Enc. hol. |
||
| 999 |
_c165099 _d165099 |
||